000 00804cam a2200241 a 4500
001 13536436
005 20180123040910.0
008 040325r20041968nyu d 000 0 eng
010 _a 2004047413
020 _a0517224550
040 _aDLC
_cDLC
_dDLC
041 0 _aeng
_aspa
080 _a463.21 WIL
082 0 0 _a463.21 WIL
_222
100 1 _a23
101 _aFJA
240 1 0 _aBantam new college Spanish & English dictionary
245 1 0 _aWebster's Spanish-English/English-Spanish dictionary /
_cby Edwin B. Williams.
246 3 _aSpanish-English/English-Spanish dictionary
906 _a7
_bcbc
_corignew
_d1
_eocip
_f20
_gy-gencatlg
942 _2ddc
_cBK
999 _c40727
_d40727